|
|
|
|
| LEADER |
01694nam a2200397Mi 4500 |
| 001 |
33245 |
| 003 |
BD-DhAAL |
| 005 |
20250625145140.0 |
| 008 |
180707t2004 gw ab b 000 0deng d |
| 016 |
7 |
|
|a 012940410
|2 Uk
|
| 020 |
|
|
|a 3822827789
|
| 020 |
|
|
|a 9783822827789
|
| 035 |
|
|
|a (OCoLC)56109737
|
| 035 |
|
|
|a (POOF2)9467
|
| 035 |
|
|
|a 10086494
|
| 040 |
|
|
|a CGU
|b eng
|c CGU
|d IAY
|d OCLCQ
|d OHX
|d BAKER
|d YDXCP
|d BTCTA
|d OCLCG
|d U5D
|d UKWOH
|d UKMGB
|d OCLCF
|d OCLCO
|d OCLCQ
|d PHCSB
|d BD-DhAAL
|
| 050 |
|
4 |
|a NA1088.S24
|b S97 2004
|
| 072 |
|
7 |
|a NA
|2 lcco
|
| 082 |
0 |
4 |
|a 720.92
|2 22
|
| 100 |
1 |
|
|a Syring, Eberhard,
|d 1951-
|9 26606
|
| 245 |
1 |
0 |
|a Hans Scharoun, 1893-1972 :
|b outsider of modernism /
|c Eberhad Syring and Jörg C Kirschenmann
|
| 246 |
3 |
|
|a Scharoun.
|
| 260 |
|
|
|a Köln ;
|a Los Angeles :
|b Taschen,
|c c2004.
|
| 300 |
|
|
|a 96 pages :
|b some color illustrations, map ;
|c 23 cm.
|
| 504 |
|
|
|a Includes bibliographical references (page 96).
|
| 520 |
|
|
|a This text studies the architecture of Hans Scharoun. It provides an analysis of his career until his death in 1972.
|
| 526 |
|
|
|a ARC
|
| 541 |
|
|
|a Department of architecture
|e 33245
|
| 600 |
1 |
7 |
|a Scharoun, Hans,
|d 1893-1972
|2 fast
|9 26607
|
| 600 |
1 |
0 |
|a Scharoun, Hans,
|d 1893-1972
|x Criticism and interpretation.
|9 26608
|
| 655 |
|
7 |
|a Criticism, interpretation, etc.
|2 fast
|
| 700 |
1 |
|
|a Kirschenmann, Jörg C.
|9 26610
|
| 852 |
|
|
|a Department of Architecture
|c General Stacks
|
| 942 |
|
|
|2 ddc
|c BK
|
| 999 |
|
|
|c 39580
|d 39580
|
| 952 |
|
|
|0 0
|1 0
|2 ddc
|4 0
|6 720_920000000000000_SYR
|7 0
|9 63599
|a BRACUL
|b BRACUL
|c GEN
|d 2018-07-07
|e Department of Architecture
|l 0
|o 720.92 SYR
|p 3010033245
|r 2018-07-07
|t 1
|w 2018-07-07
|y BK
|x Transferred from ARC to BRACUL on 28/12/2023
|